[Event "AUTO-OPEN-2497"]
[Site "http://www.queenalice.com/game.php?id=991664"]
[Date "2011.9.30"]
[Round "1"]
[White "Datalcar"]
[Black "mateusrohsig"]
[Result "1-0"]
[WhiteElo "2479"]
[BlackElo "1580"]

1. d4 d5 2. c4 c5 3. cxd5 cxd4 4. Qxd4 Nf6 5. e4 e6 6. Nc3 Nc6 7. Qd1 exd5 8.
exd5 Ne5 9. Bb5+ Bd7 10. Qe2 Bd6 11. f4 Bxb5 12. Nxb5 Bb4+ 13. Nc3 Bxc3+ 14.
bxc3 Qxd5 15. Qxe5+ Qxe5+ 16. fxe5 Ne4 17. Ne2 Rc8 18. Ba3 1-0

[Event "AUTO-OPEN-2497"]
[Site "http://www.queenalice.com/game.php?id=991665"]
[Date "2011.9.30"]
[Round "1"]
[White "mateusrohsig"]
[Black "Datalcar"]
[Result "0-1"]
[WhiteElo "1582"]
[BlackElo "2478"]

1. e4 Nf6 2. Nc3 e5 3. Nf3 Nc6 4. Bc4 Nxe4 5. Nxe4 d5 6. Bxd5 Qxd5 7. d3 Bf5 8.
Qe2 O-O-O 9. O-O Bg4 10. Nc3 Nd4 11. Qe4 Qxe4 12. Nxe4 Bxf3 13. gxf3 Nxc2 14.
Rb1 Nb4 15. Be3 Nxd3 16. Bxa7 b6 0-1

[Event "AUTO-INT-2226"]
[Site "http://www.queenalice.com/game.php?id=1020877"]
[Date "2012.1.30"]
[Round "1"]
[White "Kalev17"]
[Black "mateusrohsig"]
[Result "1-0"]
[WhiteElo "1643"]
[BlackElo "1561"]

1. Nf3 d5 2. c4 c6 3. cxd5 cxd5 4. d4 Nc6 5. Nc3 Nf6 6. Bf4 Bf5 7. a3 e6 8. e3
Bd6 9. Bxd6 Qxd6 10. Nh4 Bg6 11. Bb5 O-O-O 12. Qa4 a6 13. Bxc6 Qxc6 14. Qxc6+
bxc6 15. Nxg6 hxg6 16. Rc1 1-0

[Event "AUTO-INT-2226"]
[Site "http://www.queenalice.com/game.php?id=1020878"]
[Date "2012.1.30"]
[Round "1"]
[White "mateusrohsig"]
[Black "Kalev17"]
[Result "0-1"]
[WhiteElo "1594"]
[BlackElo "1606"]

1. e4 e5 2. Nf3 Nf6 3. Nc3 d6 4. Bc4 Nc6 5. O-O Be7 6. d4 exd4 7. Nxd4 O-O 8.
Be3 Ne5 9. Bb3 c5 10. Nf5 Bxf5 11. exf5 c4 12. Bxc4 Nxc4 13. b3 Nxe3 0-1

[Event "AUTO-INT-2226"]
[Site "http://www.queenalice.com/game.php?id=1020891"]
[Date "2012.1.30"]
[Round "1"]
[White "ReidoBaralho"]
[Black "mateusrohsig"]
[Result "0-1"]
[WhiteElo "1573"]
[BlackElo "1578"]

1. e4 e5 2. Qh5 Nc6 3. Bc4 Qf6 4. a3 Bc5 5. Nh3 d6 6. Ng5 Qxf2+ 7. Kd1 Nh6 8.
Rf1 Qxg2 9. Nc3 Bg4+ 10. Qxg4 Qxg4+ 11. Nf3 Nd4 12. Be2 Nxe2 13. Nxe2 Qg2 14.
Ke1 Ng4 15. Nh4 Bf2+ 16. Rxf2 Qxf2+ 17. Kd1 Qf1# 0-1

[Event "AUTO-INT-2226"]
[Site "http://www.queenalice.com/game.php?id=1020892"]
[Date "2012.1.30"]
[Round "1"]
[White "mateusrohsig"]
[Black "ReidoBaralho"]
[Result "0-1"]
[WhiteElo "1578"]
[BlackElo "1545"]

1. e4 e5 2. Nf3 Bc5 3. Bc4 c6 4. Nc3 Qb6 5. O-O Nf6 6. Nxe5 O-O 7. Qf3 d6 8. Nd3
Bg4 9. Qg3 d5 10. exd5 Nbd7 11. dxc6 bxc6 12. Nxc5 Nxc5 13. d3 Qb7 0-1

[Event "AUTO-INT-2226"]
[Site "http://www.queenalice.com/game.php?id=1020899"]
[Date "2012.1.30"]
[Round "1"]
[White "zemaria"]
[Black "mateusrohsig"]
[Result "1-0"]
[WhiteElo "1665"]
[BlackElo "1535"]

1. e4 e5 2. Nf3 Nc6 3. d4 d5 4. Nc3 Nge7 5. Be3 f6 6. Bd3 dxe4 7. Bxe4 Bf5 8.
Bxf5 Nxf5 9. d5 Nce7 10. O-O c6 11. Qe2 cxd5 12. Bc5 Nc6 13. Ba3 Bxa3 14. bxa3
1-0

[Event "AUTO-INT-2226"]
[Site "http://www.queenalice.com/game.php?id=1020900"]
[Date "2012.1.30"]
[Round "1"]
[White "mateusrohsig"]
[Black "zemaria"]
[Result "0-1"]
[WhiteElo "1548"]
[BlackElo "1621"]

1. e4 e5 2. Nf3 d6 3. Nc3 c6 4. Bc4 Qe7 5. O-O Be6 6. Bxe6 Qxe6 7. d4 h6 8. Be3
Nf6 9. dxe5 dxe5 10. Qd3 Na6 11. Na4 Rd8 12. Qb3 Qg4 0-1

[Event "AUTO-OPEN-3223"]
[Site "http://www.queenalice.com/game.php?id=1269207"]
[Date "2014.3.30"]
[Round "1"]
[White "TheBigSid"]
[Black "mateusrohsig"]
[Result "1/2-1/2"]
[WhiteElo "2223"]
[BlackElo "1527"]

1. d4 d5 2. c4 c5 3. e3 Nf6 4. Nc3 e6 5. Nf3 cxd4 6. exd4 Be7 7. Bd3 O-O 8. O-O
Nc6 9. Bf4 Bd7 10. a3 Re8 11. c5 b6 12. b4 bxc5 13. dxc5 a6 14. Ne5 Nxe5 15.
Bxe5 Bc6 16. a4 d4 17. Bxf6 Bxf6 18. Ne4 Be5 19. Qh5 Qd5 20. f3 g6 21. Qh6 f6
22. f4 f5 23. fxe5 fxe4 24. Be2 d3 25. Bg4 Qd4+ 26. Kh1 Qxb4 27. h4 Qd4 28. h5
Qxe5 29. hxg6 hxg6 30. Qxg6+ Qg7 31. Bxe6+ Kh8 32. Qxg7+ Kxg7 33. Rf7+ Kg6 34.
Bc4 Rad8 35. Raf1 d2 36. R1f6+ Kg5 37. Rf5+ Kg6 38. R7f6+ Kg7 1/2-1/2

[Event "AUTO-OPEN-3223"]
[Site "http://www.queenalice.com/game.php?id=1269208"]
[Date "2014.3.30"]
[Round "1"]
[White "mateusrohsig"]
[Black "TheBigSid"]
[Result "0-1"]
[WhiteElo "1533"]
[BlackElo "2204"]

1. e4 e6 2. d4 d5 3. Nc3 Nf6 4. e5 Nfd7 5. f4 c5 6. Nf3 Nc6 7. Be3 cxd4 8. Nxd4
Bc5 9. Qd3 Ndxe5 10. fxe5 Nxd4 11. Bxd4 Qh4+ 12. Qg3 Qxg3+ 13. hxg3 Bxd4 14.
Bb5+ Bd7 15. O-O-O Bxc3 16. Bxd7+ Kxd7 17. bxc3 h6 18. Rd4 Rac8 19. Kb2 Rc6 20.
a4 Rhc8 21. Rd3 Rc4 22. Rd4 Rxc3 23. g4 Rxc2+ 0-1

[Event "AUTO-OPEN-3246"]
[Site "http://www.queenalice.com/game.php?id=1278410"]
[Date "2014.5.3"]
[Round "1"]
[White "mateusrohsig"]
[Black "Tromat"]
[Result "0-1"]
[WhiteElo "1541"]
[BlackElo "2049"]

1. e4 d5 2. d4 dxe4 3. Nc3 Nf6 4. Bg5 Bf5 5. Bxf6 exf6 6. g4 Bg6 7. Bg2 Bb4 8.
Ne2 Qd7 9. h3 h5 10. f3 exf3 11. Bxf3 Nc6 12. O-O hxg4 13. hxg4 O-O-O 14. d5 Qd6
15. Rf2 Bc5 0-1